[Event "Internet Section 16-B"]
[Site "Dos Hermanas"]
[Date "2003.03.16"]
[Round "1"]
[White "Moskow, Eric"]
[Black "La Rota, Fabio"]
[Result "0-1"]
[WhiteElo "2200"]
[BlackElo "2345"]
[PlyCount "74"]
[EventDate "2003.03.16"]
[EventType "swiss (blitz)"]
[EventRounds "9"]
[EventCountry "ESP"]
[SourceTitle "EXT 2004"]
[Source "ChessBase"]
[SourceDate "2003.11.25"]
[SourceVersion "1"]
[SourceVersionDate "2003.11.25"]
[SourceQuality "1"]

1. c4 c6 2. d4 d5 3. cxd5 cxd5 4. Bf4 Qb6 5. Nc3 Nf6 6. e3 a6 7. a3 e6 8. Bd3 Bd7 9. Qc2 Nc6 10. Nge2 Rc8 11. 0-0 Be7 12. Rfc1 0-0 13. Na4 Qa7 14. Qd1 b6 15. b4 Nb8 16. Nb2 Rfd8 17. Bxb8 Rxb8 18. Ng3 Rdc8 19. Rxc8+ Rxc8 20. Rc1 Rxc1 21. Qxc1 a5 22. bxa5 bxa5 23. Qc3 Qb6 24. Bf1 Be8 25. Nd3 Nd7 26. Qb2 Qxb2 27. Nxb2 Bxa3 28. Na4 Kf8 29. Nh5 g5 30. Bb5 f5 31. h4 gxh4 32. Nf4 Ke7 33. Nd3 Bd6 34. Kf1 Bh5 35. Ke1 Bg4 36. f3 h3 37. Kf2 h2 0-1